Catalog

Record Details

Catalog Search



Age of the king :The Echoes saga  Cover Image Book Book

Age of the king :The Echoes saga / Philip C. Quaintrell.

Summary:

The scales have tipped. The battle for Namdhor, the north, and the entire realm of man was a sure victory for the orcs. But they lost. Now, under the rule of a would-be-king, the armies of man fuel the war when they should be bolstering their defences. Only a few understand that time is against them, yet these few must fight alone if the dawn is to rise over Illian once more. The heroes of the realm have banded together, but they cannot fight side by side. There is only one way they can win, seen by the oldest dragon and preserved inside the broken mind of a ranger. From the shadows, The Crow muddies the waters, making it all the harder to see the path to victory. In the depths of The Bastion, where even time is his slave, the ancient necromancer has finished his work. The king is almost ready -- Amazon website.

Record details

  • ISBN: 9781671804241
  • ISBN: 1671804244
  • Physical Description: xv, 609 pages : maps ; 23 cm.
  • Publisher: [England : independently published, 2019]
Subject: Elves > Fiction.
Kings and rulers > Fiction.
Magic > Fiction.
Good and evil > Fiction.
Imaginary wars and battles > Fiction.
Dragons > Fiction.
Genre: Action and adventure fiction.
Fantasy fiction.
Epic fiction.
Novels.
Fiction.

Available copies

  • 1 of 1 copy available at scottsboropl.

Holds

  • 0 current holds with 1 total copy.
Show All Copies
Location Call Number / Copy Notes Barcode Shelving Location Status Due Date
scottsboropl F Qua 32269001242117 Adult - Fiction Available -

LDR 03045cam a2200697 i 4500
001162134
003SBPL
00520231113143712.0
008211215t20192019enkb 000 1 eng d
007ta
020 . ‡a9781671804241
020 . ‡a1671804244
035 . ‡a(OCoLC)1288620697 ‡z(OCoLC)1372664252
08204. ‡a813/.6 ‡223
1001 . ‡aQuaintrell, Philip C., ‡eauthor.
24510. ‡aAge of the king :The Echoes saga / ‡cPhilip C. Quaintrell.
264 1. ‡a[England : ‡bindependently published, ‡c2019]
300 . ‡axv, 609 pages : ‡bmaps ; ‡c23 cm.
336 . ‡atext ‡btxt ‡2rdacontent
337 . ‡aunmediated ‡bn ‡2rdamedia
338 . ‡avolume ‡bnc ‡2rdacarrier
4901 . ‡aThe Echoes saga ; ‡vbk 6
520 . ‡aThe scales have tipped. The battle for Namdhor, the north, and the entire realm of man was a sure victory for the orcs. But they lost. Now, under the rule of a would-be-king, the armies of man fuel the war when they should be bolstering their defences. Only a few understand that time is against them, yet these few must fight alone if the dawn is to rise over Illian once more. The heroes of the realm have banded together, but they cannot fight side by side. There is only one way they can win, seen by the oldest dragon and preserved inside the broken mind of a ranger. From the shadows, The Crow muddies the waters, making it all the harder to see the path to victory. In the depths of The Bastion, where even time is his slave, the ancient necromancer has finished his work. The king is almost ready -- Amazon website.
650 0. ‡aElves ‡vFiction.
650 0. ‡aKings and rulers ‡vFiction.
650 0. ‡aMagic ‡vFiction.
650 0. ‡aGood and evil ‡vFiction.
650 0. ‡aImaginary wars and battles ‡vFiction.
650 0. ‡aDragons ‡vFiction.
655 7. ‡aAction and adventure fiction. ‡2lcgft
655 7. ‡aFantasy fiction. ‡2lcgft
655 7. ‡aEpic fiction. ‡2lcgft
655 7. ‡aNovels. ‡2lcgft
655 7. ‡aFiction. ‡2lcgft
8001 . ‡aQuaintrell, Philip C. ‡tEchoes saga ; ‡vbk. 6.
901 . ‡a162134 ‡bAUTOGEN ‡c162134 ‡tbiblio

Additional Resources